La esencia del amor : (Record no. 120899)

MARC details
000 -CABECERA
campo de control de longitud fija 00751nam a2200229 a 4500
005 - FECHA Y HORA DE LA ÚLTIMA TRANSACCIÓN
campo de control 20210223130125.0
008 - ELEMENTOS DE LONGITUD FIJA--INFORMACIÓN GENERAL
campo de control de longitud fija 070122s1999 mx r 000 0 spa d
020 ## - NÚMERO INTERNACIONAL NORMALIZADO PARA LIBROS
Número Internacional Estándar del Libro 848992080X
035 ## - NÚMERO DE CONTROL DEL SISTEMA
Número de control de sistema UPN01000148758
049 ## - COLECCIÓN
Colección CG
050 #4 - SIGNATURA TOPOGRÁFICA DE LA BIBLIOTECA DEL CONGRESO
Número de clasificación BQ4310
Número de documento/Ítem N4.4
100 1# - ASIENTO PRINCIPAL--NOMBRE PERSONAL
Nombre de persona Nhat Hanh,
Títulos y otros términos asociados al nombre Thich
245 13 - MENCIÓN DE TÍTULO
Título La esencia del amor :
Resto del título el poder transformador de los sentimientos /
Mención de responsabilidad, etc. Thich Nhat Hanh ; tr. Nuria Martí.
260 ## - PUBLICACIÓN, DISTRIBUCIÓN, ETC.
Lugar de publicación, distribución, etc. Barcelona, Esp. :
Nombre del editor, distribuidor, etc. Oniro,
Fecha de publicación, distribución, etc. c1999.
300 ## - DESCRIPCIÓN FÍSICA
Extensión 141 p.
440 #3 - MENCIÓN DE SERIE/ASIENTO SECUNDARIO--TÍTULO
Título El viaje interior ;
Designación de volumen o secuencia 20
534 ## - NOTA SOBRE LA VERSIÓN ORIGINAL
Frase introductoria Título original:
Mención de título del original Cultivating the mind of love
650 #4 - ASIENTO SECUNDARIO DE MATERIA - TERMINO TEMATICO
Término de materia o nombre geográfico como elemento de entrada VIDA RELIGIOSA -
Subdivisión general BUDISMO
9 (RLIN) 8744
650 #4 - ASIENTO SECUNDARIO DE MATERIA - TERMINO TEMATICO
Término de materia o nombre geográfico como elemento de entrada BUDISMO -
Subdivisión general DOCTRINAS
9 (RLIN) 8746
650 #4 - ASIENTO SECUNDARIO DE MATERIA - TERMINO TEMATICO
Término de materia o nombre geográfico como elemento de entrada AMOR -
Subdivisión general ASPECTOS RELIGIOSOS -
-- BUDISMO
9 (RLIN) 8740
905 ## - TIPO DE MATERIAL
Tipo de material Libro
Holdings
Estado de retiro Estado de pérdida Fuente del sistema de clasificación o colocación Estado dañado No para préstamo Código de colección Localización permanente Ubicación/localización actual Ubicación en estantería Total de préstamos Clasificación Código de barras Fecha visto por última vez Número de copia Tipo de ítem Koha
    Library of Congress Classification     Colección General Bib. Gregorio Torres Quintero Bib. Gregorio Torres Quintero Planta baja 25 BQ4310 N4.4 238031 31/12/2020 1 Libro